Государственный музей изобразительных искусств им. А.С. Пушкина (Record no. 222540)
[ view plain ]
| 000 -LEADER | |
|---|---|
| fixed length control field | 00847n m a2200193 u 4500 |
| 001 - CONTROL NUMBER | |
| control field | 000634659 |
| 003 - CONTROL NUMBER IDENTIFIER | |
| control field | AM-YeHGA |
| 005 - DATE AND TIME OF LATEST TRANSACTION | |
| control field | 20250618073313.0 |
| 008 - FIXED-LENGTH DATA ELEMENTS--GENERAL INFORMATION | |
| fixed length control field | 090220s1986 ||||||||||||||||||||rus|c |
| 040 ## - CATALOGING SOURCE | |
| Original cataloging agency | AM-YeHGA |
| 041 0# - LANGUAGE CODE | |
| Language code of text/sound track or separate title | rus |
| 090 ## - LOCALLY ASSIGNED LC-TYPE CALL NUMBER (OCLC); LOCAL CALL NUMBER (RLIN) | |
| -- | 224075 |
| 245 00 - TITLE STATEMENT | |
| Title | Государственный музей изобразительных искусств им. А.С. Пушкина |
| Medium | [изоматериал] |
| Statement of responsibility, etc. | Авт. вступ. ст. и авт.-сост. И.А. Антонова. |
| 246 15 - VARYING FORM OF TITLE | |
| Title proper/short title | The Pushkin Vuseum of fine Arts |
| 260 ## - PUBLICATION, DISTRIBUTION, ETC. | |
| Place of publication, distribution, etc. | Москва : |
| Name of publisher, distributor, etc. | Изобразит. искусство, |
| Date of publication, distribution, etc. | 1986. |
| 300 ## - PHYSICAL DESCRIPTION | |
| Extent | 24 c., [3] с., [99] л. цв. ил. : |
| Other physical details | цв. ил. |
| 650 14 - SUBJECT ADDED ENTRY--TOPICAL TERM | |
| Topical term or geographic name entry element | Искусство |
| 9 (RLIN) | 5446 |
| 700 1# - ADDED ENTRY--PERSONAL NAME | |
| Personal name | Антонова, Ирина Александровна |
| Relator term | авт. вступ. ст. |
| Relationship | aui |
| Relator term | авт.-сост. |
| Relationship | com |
| Withdrawn status | Lost status | Damaged status | Not for loan | Collection | Home library | Current library | Date acquired | Total checkouts | Full call number | Barcode | Date last seen | Price effective from | Koha item type | Public note |
|---|---|---|---|---|---|---|---|---|---|---|---|---|---|---|
| General | Fundamental Scientific Library | Fundamental Scientific Library | 29/12/2016 | PIII/54511 | FL0404535 | 29/12/2016 | 29/12/2016 | Գրքեր / Books | 30 Days Loan |
ՀՀ Գիտությունների ազգային ակադեմիայի հիմնարար գիտական գրադարան = Fundamental Scientific Library of NAS RA
All site content, except where otherwise noted, is licensed under a